Mouvement indépendant africain - Statistiques

Statistiques générales
  • Ce quiz a été pris 47 fois
  • Le résultat moyen est 4 sur 16
Statistiques - réponses
Par images Réponse % Correct
La Réunion
83%
Somaliland
69%
Kabylie
60%
Zanzibar
45%
Îles Canaries
33%
Rif
31%
Tigré
21%
Ambazonie
19%
Cabinda
12%
Azawad
7%
Katanga
7%
Togoland de l'Ouest
7%
Bande de Caprivi
2%
Gambela
0%
Oromia
0%
Volkstaat
0%
Aucun quiz correspondant
Distribution des résultats
% des personnes avec chaque résultat
Percentile par nombre de réponses
Votre historique - résultats
Vous n’avez pas pris ce quiz